000
00186 a2200097 4500
020
_a
9780134156057
041
_a
spa
100
_a
prentice Hall
245
_a
Juntos en Espaą
942
_c
BK
999
_c
8991
_d
8991